Making global trade work for people. (Record no. 46190)

MARC details
000 -LEADER
fixed length control field 01047cam a2200337 a 4500
001 - CONTROL NUMBER
control field 13147317
005 - DATE AND TIME OF LATEST TRANSACTION
control field 20160318124555.0
008 - FIXED-LENGTH DATA ELEMENTS--GENERAL INFORMATION
fixed length control field 030403s2003 enk b o000 0 eng d
010 ## - LIBRARY OF CONGRESS CONTROL NUMBER
LC control number 2003266781
015 ## - NATIONAL BIBLIOGRAPHY NUMBER
National bibliography number GBA3-Z8037
020 ## - INTERNATIONAL STANDARD BOOK NUMBER
International Standard Book Number 1853839817
020 ## - INTERNATIONAL STANDARD BOOK NUMBER
International Standard Book Number 1853839825 (PBK.)
035 ## - SYSTEM CONTROL NUMBER
System control number (OCoLC)ocm51235679
040 ## - CATALOGING SOURCE
Original cataloging agency UKM
Transcribing agency UKM
Modifying agency DLC
042 ## - AUTHENTICATION CODE
Authentication code lccopycat
050 00 - LIBRARY OF CONGRESS CALL NUMBER
Classification number HF1379
Item number .M35 2003
082 00 - DEWEY DECIMAL CLASSIFICATION NUMBER
Classification number 338.9
Edition number 21
651 #0 - SUBJECT ADDED ENTRY--GEOGRAPHIC NAME
Geographic name Developing countries
245 00 - TITLE STATEMENT
Title Making global trade work for people.
260 ## - PUBLICATION, DISTRIBUTION, ETC. (IMPRINT)
Place of publication, distribution, etc London
-- Sterling, Va., :
Name of publisher, distributor, etc Earthscan,
Date of publication, distribution, etc 2003.
300 ## - PHYSICAL DESCRIPTION
Extent xxxii, 341 p. ;
Dimensions 26 cm.
504 ## - BIBLIOGRAPHY, ETC. NOTE
Bibliography, etc Includes bibliographical references.
650 #0 - SUBJECT ADDED ENTRY--TOPICAL TERM
Topical term or geographic name as entry element International trade.
650 #0 - SUBJECT ADDED ENTRY--TOPICAL TERM
Topical term or geographic name as entry element Free trade
Geographic subdivision Developing countries.
650 #0 - SUBJECT ADDED ENTRY--TOPICAL TERM
Topical term or geographic name as entry element Economic development.
651 #0 - SUBJECT ADDED ENTRY--GEOGRAPHIC NAME
General subdivision Commerce.
710 2# - ADDED ENTRY--CORPORATE NAME
Corporate name or jurisdiction name as entry element United Nations Development Programme.
906 ## - LOCAL DATA ELEMENT F, LDF (RLIN)
a 7
b cbc
c copycat
d 2
e ncip
f 20
g y-gencatlg
942 ## - ADDED ENTRY ELEMENTS (KOHA)
Source of classification or shelving scheme Library of Congress Classification
Item type Book
Holdings
Withdrawn status Lost status Source of classification or shelving scheme Damaged status Not for loan Collection code Home library Current library Shelving location Date acquired Source of acquisition Total Checkouts Full call number Barcode Date last borrowed Copy number Price effective from Koha item type
    Library of Congress Classification     Non-fiction Bishop Okullu Memorial Library (Limuru Campus) Bishop Okullu Memorial Library (Limuru Campus) General Circulation 18/03/2016 Donation 1 HF1379 .M35 2003 046119 14/07/2018 1 18/03/2016 Book